Statistics for ESPN Top 100 Basketball Players of 2014

Click here to take the quiz!

General Stats

  • This quiz has been taken 6,584 times
  • The average score is 42 of 100

Answer Stats

RankPOSAnswer% Correct
1SF^LeBron James
99%
6PGStephen Curry
94%
8SFKevin Durant
89%
60PFDavid West
87%
4PGRussell Westbrook
87%
2PGChris Paul
85%
21PFTim Duncan
80%
36SGDwyane Wade
76%
9SGJames Harden
76%
40SGKobe Bryant
75%
23PGKyrie Irving
74%
3PFAnthony Davis
71%
5PFBlake Griffin
71%
38SGKlay Thompson
71%
15PGTony Parker
69%
20PFChris Bosh
68%
10CDwight Howard
68%
11SFCarmelo Anthony
67%
95SF*Jabari Parker
67%
28PGDerrick Rose
66%
14CMarc Gasol
66%
44PF^Pau Gasol
66%
87SGDanny Green
64%
7PF^Kevin Love
64%
34CDeAndre Jordan
63%
24SFKawhi Leonard
61%
16PGDamian Lillard
60%
17PFDirk Nowitzki
60%
19CDeMarcus Cousins
58%
18PGJohn Wall
56%
13PFLaMarcus Aldridge
54%
79PGMichael Carter-Williams
53%
82SF^Paul Pierce
50%
56SGManu Ginobili
49%
55PGDeron Williams
48%
70SGJimmy Butler
48%
29PGKyle Lowry
48%
37PGRajon Rondo
47%
35SGDemar DeRozan
45%
12CJoakim Noah
45%
75SFJosh Smith
44%
94SGTony Allen
44%
26PFAl Horford
43%
25PFSerge Ibaka
41%
48SGBradley Beal
40%
67PG^Isaiah Thomas
40%
32PFPaul Millsap
40%
49CBrook Lopez
39%
59SGJoe Johnson
39%
92CRobin Lopez
39%
30CAndre Drummond
38%
31PGMike Conley
38%
64PGJeff Teague
36%
61PGKemba Walker
36%
74CAndrew Bogut
34%
62C^Tyson Chandler
34%
72SGKyle Korver
33%
33PFZach Randolph
32%
39SGAndre Iguodala
31%
41PGEric Bledsoe
29%
100PG^Jeremy Lin
29%
88SFGiannis Antetokounmpo
28%
47SGGordon Hayward
28%
46CRoy Hibbert
28%
22CAl Jefferson
27%
27PGGoran Dragic
27%
68PGJrue Holiday
26%
57CMarcin Gortat
26%
51SFRudy Gay
26%
69PFDavid Lee
25%
89SGJ.J. Redick
25%
53SGMonta Ellis
24%
73PGRicky Rubio
24%
86SGJamal Crawford
23%
52SFNicolas Batum
22%
81SGVictor Oladipo
22%
43SF^Chandler Parsons
20%
54PFGreg Monroe
20%
58SF^Luol Deng
20%
42PFKenneth Faried
19%
85CNikola Vucevic
19%
77SF^Thaddeus Young
19%
84SG^Trevor Ariza
19%
98SGTyreke Evans
19%
63PFNene
18%
45PGTy Lawson
18%
90CDerrick Favors
17%
80PFRyan Anderson
17%
83SGWesley Matthews
17%
50SG^Lance Stephenson
15%
99SFDanilo Gallinari
14%
91CJonas Valanciunas
14%
65PFTaj Gibson
14%
96CTiago Splitter
12%
97PFBoris Diaw
11%
66CNikola Pekovic
10%
76CAnderson Varejao
9%
71C^Omer Asik
9%
78SG^Arron Afflalo
6%
93CLarry Sanders
6%

Score Distribution

Percentile by Number Answered

Percent of People with Each Score

Your Score History

You have not taken this quiz